000 00608nam a2200205Ia 4500
005 20250508154727.0
008 008 250505s9999 xx 000 0 eng d
037 _aTextual
040 _aFEDL
_beng
_cFEDL
041 _aeng
_2eng
084 _a158, SOD
_qFEDL
100 _aSoddy Kenneth Ed.
_9292901
245 0 _aMental health and contemporary thought, V 2
260 _aLondon, UK
_bTavistock Publications Limited
_c1967
300 _axxix,362p
650 _aApplied psychology
700 _a Ahrenfeldt Robert H. Ed.
_9765949
942 _cTEXL
_h158, SOD
999 _c1351826
_d1351826